000
00320nam a22001217a 4500
040
_c
SK
082
_a
333
100
_a
KHOV KOUNG; ខូវ គូង
245
_a
Coastal zone management; ការគ្រប់គ្រងតំបន់ឆ្នេរ
260
_a
RUA
_b
KHO
_c
2010
300
_a
NA
942
_c
AEDBB
999
_c
8876
_d
8876